|
|
|
|
| LEADER |
00000nam a2200000 a 4500 |
| 001 |
vtls001303027 |
| 003 |
SK-MaSNL |
| 005 |
20260223214457.0 |
| 008 |
210928s1964 xx 0 und |
| 035 |
|
|
|a SNK000255146
|
| 040 |
|
|
|a SNK
|b slo
|c SNK
|e AACR2
|
| 245 |
1 |
|
|a Česko-francouzský technický slovník
|
| 260 |
|
|
|a Praha
|b Státní nakladatelství technické literatury
|c 1964
|
| 300 |
|
|
|a 800 s.
|
| 958 |
|
|
|a OND
|
| 999 |
|
|
|c 715739
|d 717669
|
| 952 |
|
|
|a SNK
|b SNK
|y VYP
|7 0
|p 17A0081398
|o snkIC 35184 D2
|0 0
|1 0
|4 0
|d 1997-09-23
|l 0
|r 2005-01-02 00:00:00
|w 2026-02-23
|
| 952 |
|
|
|t P60, <04>, [BOOK], {604}
|a SNK
|b SNK
|y VYP
|7 0
|p 17A0240035
|o snkIC 35184 D1
|0 0
|1 1
|4 0
|d 2000-06-30
|l 0
|r 2005-01-02 00:00:00
|w 2026-02-23
|